Statistics for Musicians by death location and year

Click here to take the quiz!

General Stats

  • This quiz has been taken 71 times
  • The average score is 9 of 17

Answer Stats

Location /yearAnswer% Correct
Memphis 1977Elvis Presley
86%
Manhattan 1980John Lennon
85%
Camden Town 2011Amy Winehouse
83%
Seattle 1994Kurt Cobain
83%
Kensington 1970Jimi Hendrix
68%
Holmby Hills Los Angeles 2009Michael Jackson
68%
Paris 1971Jim Morrison
68%
Clear Lake Iowa 1959Buddy Holly
56%
Chanhassen Minnesota 2016Prince
56%
Hollywood 1970Janis Joplin
49%
Beverley Hills 2012Whitney Houston
39%
Las Vegas 1996Tupac Shakur
39%
Manhattan 2016David Bowie
32%
Goring-on-Thames 2016George Michael
24%
East Dulwich 1980Bon Scott
19%
Atlanta 2006James Brown
7%
Columbia Medical Center 2016Glenn Frey
3%

Score Distribution

Percentile by Number Answered

Percent of People with Each Score

Your Score History

You have not taken this quiz